| 000 | 00438nam a2200181Ia 4500 | ||
|---|---|---|---|
| 005 | 20240823014358.0 | ||
| 008 | 240823s9999||||xx |||||||||||||| ||und|| | ||
| 041 | _aENGLISH | ||
| 082 | _A620.1074 N2 | ||
| 100 | _aManicka Selvam V K | ||
| 245 | 0 | _aAdvanced Structural Dynamics | |
| 250 | _a1st | ||
| 260 |
_c1992 _b"Dhanpat Rai," |
||
| 500 | _aYES | ||
| 650 |
_aDynamics _bAeronautical Engineering |
||
| 942 | _cBK | ||
| 999 |
_c169906 _d169906 |
||